Yorgun savaşçı (Record no. 11920)

MARC details
000 -BAŞLIK
Sabit Uzunlukta Kontrol Alanı 00610na a2200241 4500
001 - KONTROL NUMARASI
Denetim Alanı 24364
003 - KONTROL NUMARASI IDENTIFIER
Denetim Alanı MIRAKIL
005 - SON İŞLEM TARİHİ VE ZAMANI
Denetim Alanı 20181226104237.0
008 - SABİT-BOY VERİ ELEMANLARI - GENEL BİLGİLER
Sabit Uzunlukta Kontrol Alanı 180928b tu 000 0
041 ## - DİL KODU
Metin / Ses Parça Veya Ayrı Başlığın Dil Kodu tur
082 ## - DEWEY ONLU SINIFLANDIRMA NUMARASI
Sınıflandırma Numarası 813.42
Ürün Numarası K35y 1968
090 ## - SINIFLAMA NUMARASI
Sınıflama Numarası 813.42 K35y 1968
100 ## - ANA GİRİŞ - KİŞİSEL İSİM
Kişisel Ad Kemal Tahir
245 ## - BAŞLIK TABLOSU
Başlık Yorgun savaşçı
Sorumluluk Tablosu, Vb Kemal Tahir
250 ## - EDITION TABLOSU
Baskı Beyanı 2. bs.
260 ## - YAYIN, DAĞITIM, VB
Yayın, Dağıtım, Vb Yeri Ankara
Yayıncı, Dağıtıcı, Vs Adı Bilgi Yayınevi
Yayın, Dağıtım, Vb Tarihi 1968
300 ## - FİZİKSEL TANIM
Kapsam 440 s.
Boyutlar 19 sm.
440 ## - SERİSİ TABLOSU / KATMA GİRİŞİ - BAŞLIK
Başlık Bilgi yayınları
Hacim / Ardışık Tanımı 68
490 ## - SERİSİ TABLOSU
Seri Beyanı Roman dizisi
Hacim / Ardışık Tanımı 17
650 ## - KONU KATMA GİRİŞ - TOPİKAL DÖNEM
Topikal Süreli Veya Coğrafi Ad Giriş Elemanı Türk edebiyatı
Genel Alt Bölümü Roman
942 ## - EKLENDİ GİRİŞ ELEMANLARI (KOHA)
Sınıflandırma Veya Raf Düzeni Kaynak Dewey Decimal Classification
Koha Öğesi Türü Books
040 ## - KATALOGLAMA KAYNAK
Orijinal Kataloglama Ajansı Milas
Kataloglama Dili tur
Metne Dönüştürmek Ajansı TR-AnCHP
999 ## - SİSTEM KONTROL NUMARALARI (KOHA)
Koha Biblionumber 11920
Koha Biblioitemnumber 11920
Holdings
Kullanım Kısıtlamaları Kalıcı Konum Mevcut Konum Edinme Tarihi Toplam Check-Out'Lar Tam Çağrı Numarası Barkod Tarih Son Görülme İtibaren Geçerli Fiyatlar Sigara Kamu Notu Koha Öğesi Türü
  Parti Okulu Kütüphanesi Parti Okulu Kütüphanesi 09/28/2018   813.42 K35y 1968 P00126 09/28/2018 09/28/2018 Books